000
00293nam a2200121Ia 4500
005
20251222154410.0
008
251222s9999||||xx |||||||||||||| ||spa||
020
_a
978-84-96998-42-1
082
_a
339/N29
100
_a
"Navarro, Peter"
245
0
_a
MacroeconomÃa en la empresa
942
_c
LIB
999
_c
35637
_d
35637